STATISTICAL LEARNING THEORY (Record no. 34424)

MARC details
000 -LEADER
fixed length control field 00259nam a22001217a 4500
003 - CONTROL NUMBER IDENTIFIER
control field SGT
082 ## - DEWEY DECIMAL CLASSIFICATION NUMBER
Classification number 006.31,VAP
100 ## - MAIN ENTRY--PERSONAL NAME
Personal name VAPNIK, VLADIMIR
245 ## - TITLE STATEMENT
Title STATISTICAL LEARNING THEORY
260 ## - PUBLICATION, DISTRIBUTION, ETC. (IMPRINT)
Name of publisher, distributor, etc WILEY INDIA
Year of Publication 2011
300 ## - PAGE DESCRIPTION
No. of Pages 730
942 ## - ADDED ENTRY ELEMENTS (KOHA)
Source of classification or shelving scheme Dewey Decimal Classification
Koha item type Gifted Books
Holdings
Withdrawn status Lost status Source of classification or shelving scheme Damaged status Not for loan Collection code Home library Current library Shelving location Date acquired Vendor Name SGTU Full call number Accession No. (Barcode) Date last seen Bill Date Koha item type
    Dewey Decimal Classification     ENGINEERING SGT Engineering Library SGT Engineering Library Text Book 23/03/2026 GIFTED SGTU 006.31,VAP FE9548 23/03/2026 23/03/2026 Gifted Books